000 02085nam a22004697a 4500
003 OSt
005 20230816101930.0
008 220929b |||||||| |||| 00| 0 eng d
040 _cBiblioteca Lado V
082 _a779.942.092
_bI12o
100 _9938
_aIbarra, Alejandro
_eeditor
245 _aOrgullo/
_bGuía del dosmil diecisiete/
260 _bFrente por los derechos igualitarios
_c2017
_aCosta Rica
300 _a99p.
_c16.5x21.5cm
490 _v2017
505 _aJuntos Existir
_rDavid Ulloa
505 _aCosta Rica: 30 años saliendo del closet
_tDiego Perez
505 _aEl amor, los números y la Tenis Deportivas
_rSitaira Cubillo
505 _aAleeeeertaaa! Activistas LGBTIQ se disputan la curul: Entre la lucha de la calle y las ansias de poder 2018
_rShi Alarcón
505 _aRomance, Libertad y Soraya Montenegro
_tAdrian Campos
505 _aLa Doble vida de Jimena
505 _aTravesía por la salud mental de una persona no heterosexual
_tAlejandro Piercy
505 _aSoy un playo que salió del pueblo, pero el pueblo nunca salió de mí
_gLuis Herra
505 _aArte desde la diferencia sexual, una breve reseña
_rRoberto Guerrero
505 _aMariscales 2017
_rGrettel Monge
505 _aExilio a la Meca
_rAndy Morales
505 _aDe Homofobias y Transfobias
_gSitaira Cubillo
505 _aCuerpos Libres
_tAlejandro Ibarra
505 _aAmor propio desde coger
_gVictoria Rovira
505 _aLava
_rMauricio Orellana
505 _a10 años con besos que resisten
_rBeso Diverso
505 _aSaber para Servir
_rAlejandro Piercy
505 _aAgenda de Actividades
505 _aCréditos y Agradecimientos
650 _2Tesauro de Arte & Arquitectura
_aARTE
650 _2Tesauro de Arte & Arquitectura
_aDIVERSIDAD
650 _2Tesauro de Arte & Arquitectura
_aORGULLO
650 _2Tesauro de Arte & Arquitectura
_aHOMOSEXUALIDAD
650 _2Tesauro de Arte & Arquitectura
_aCRITICA
651 _2Tesauro de Arte & Arquitectura
_aCOSTA RICA
942 _2ddc
_c1
_h779.942.092
_iI12o
_n0
999 _c4125
_d4125